ABC Teekesselchen - Statistiken

Allgemein
  • Dieses Quiz wurde 1.678 mal gespielt
  • Das Durchschnittsergebnis liegt bei 24 aus 26
Antwortstatistiken
Erklärung 1 Anfangsbuchstabe Erklärung 2 Antwort % Korrekt
Türscharnier A Gerät zum Fischen Angel
99%
Gesichtsbehaarung B Teil vom Schlüssel Bart
99%
Schachfigur D Frau Dame
99%
Klebt man auf eine Wunde P Straßenbelag Pflaster
98%
Vorname I Hat man im Auge Iris
97%
Hülsenfrucht L Gibt es im Auge und in der Kamera Linse
97%
Farbe O Frucht Orange
97%
Musikrichtung R Statt einer Hose Rock
97%
Wohnungswechsel U Parade Umzug
97%
Kleinste lebende Einheit eines Lebewesens Z Raum im Gefängnis Zelle
97%
Boden G Ursache Grund
96%
In diesem Erdzeitalter lebten Dinosaurier J Rechtswissenschaft Jura
96%
Macht man beim Sport mit einem Ball, Diskus, Speer oder Hammer W Gleichzeitig geborene Jungtiere Wurf
96%
Hat man an der Hand und am Fuß N Stift aus Metall oder Holz Nagel
95%
Guckloch in der Tür S Geheimagent Spion
95%
Dickes Seil T Ist nass Tau
95%
Kommt Wasser raus H Ist im Kinderlied tot Hahn
94%
Milchprodukt Q Elementarteilchen Quark
94%
Blaues Auge V Lila Blume Veilchen
94%
Etwas im Mund mit Zähnen K Etwas im Wald mit Nadeln Kiefer
92%
Braucht man zum fliegen F Darauf kann man spielen Flügel
91%
Grüne Figur aus Star Wars Y Gattung der Eichelwürmer Yoda
91%
Griechischer Buchstabe X Nachname des chinesischen Präsidenten Jinping Xi
90%
Findet man auf dem Teich E Findet man in der Zeitung Ente
80%
Hut M Frucht Melone
80%
Elektronisches Bauteil C Spielgeld Chip
59%
Keine übereinstimmenden Quizze gefunden
Verteilung der Resultate
Anzahl Personen mit jedem Resultat
Perzentil nach korrekt beantworteten Fragen
Ihre Resultats-Entwicklung
Sie haben dieses Quiz noch nicht gespielt